Online Catalogue and eLibrary

Women work and marriage in urban India (Record no. 2621)

MARC details
000 -LEADER
fixed length control field 00420nam a2200169Ia 4500
005 - DATE AND TIME OF LATEST TRANSACTION
control field 20240430025128.0
008 - FIXED-LENGTH DATA ELEMENTS--GENERAL INFORMATION
fixed length control field 240331s9999 xx 000 0 und d
020 ## - INTERNATIONAL STANDARD BOOK NUMBER
ISBN 8170361699
082 ## - DDC Classification
Item Number - Author Mark RAM
Class No. 331.4
100 ## - MAIN ENTRY--PERSONAL NAME
Personal name Ramu, G.N.
245 #0 - TITLE STATEMENT
Title Women work and marriage in urban India
260 ## - PUBLICATION, DISTRIBUTION, ETC.
Place of publication, distribution, etc. New Delhi
Name of publisher, distributor, etc. Sage publication India pvt Ltd
Date of publication, distribution, etc. 1989
300 ## - PHYSICAL DESCRIPTION
Extent (e.g. Volumes, Pages etc.) 206, p.,
650 ## - SUBJECT ADDED ENTRY--TOPICAL TERM
Topical term or geographic name entry element Women
650 ## - SUBJECT ADDED ENTRY--TOPICAL TERM
Topical term or geographic name entry element Sex
942 ## - Koha item type (Biblio)
Koha item type Books in Stacks (Lending)
Holdings
Lost status Damaged status Collection code Home library Current library Shelving location Date acquired Full call number Accession Number Item type
    Lending WERC Library WERC Library Social Science Cupboard 03/31/2024 331.4 RAM 3388 Books in Stacks (Lending)

© WERC Library